000 01631nam a22002297a 4500
999 _c16559
_d16559
005 20251125232846.0
008 s2536 th tha d
040 _aNALT
041 _atha
245 1 0 _aระเบียบสำนักนายกรัฐมนตรีว่าด้วยการดำเนินงานโครงการพัฒนาพิเศษตามข้อเสนอของสมาชิกสภาผู้แทนราษฎร พ.ศ.2536 และระเบียบสำนักนายกรัฐมนตรีว่าด้วยกองทุนพัฒนาชนบท (ฉบับที่ 2) พ.ศ.2536
260 3 _aกรุงเทพฯ :
_bสำนักงานปลัดกระทรวงมหาดไทย,
_c2536
300 _a21 หน้า ;
_b 19 ซม.
650 0 4 _aกองทุนพัฒนาชนบท (ระเบียบ) -- ฉบับที่ 2 -- 2536
650 0 4 _aการดำเนินงานโครงการพัฒนาพิเศษตามข้อเสนอของสมาชิกสภาผู้แทนราษฎร (ระเบียบ) -- 2536
650 0 4 _aการพัฒนาชนบท -- ไทย
650 0 4 _aสมาชิกสภาผู้แทนราษฎร -- โครงการพัฒนาพิเศษ
850 _aNALT
856 4 0 _uhttps://hdl.handle.net/20.500.14156/460936
942 _cLB
_2lcc
998 _j25
_k นีลวัสน์ อินทรักษา
090 _aKE58 ม234ร 2536